Гимназия в городе Вологде. Фасад, планы этажей

Доступно только в Электронных читальных залах Найти на картеНа карте
RUSMARC
00003380nmc2a2200000 x 450
001bfef9c14-aed3-4870-b5d4-e77e1e8723e0
00520160229170510.0
100##$a20141017l18361836k l0rusy0189 ca
1010#$arus
102##$aRU
2001#$aГимназия в городе Вологде. Фасад, планы этажей
$j1836 г.
251##$cДело
801#0$aRU
$bРГИА
$c20141017
$gRCR
801#1$aRU
$bГлавНИВЦ
$c20141017
$2rusmarc
801#2$aRU
$bПБ им. Б.Н. Ельцина
$c20160229
$gRCR
$2rusmarc
850##$aРГИА
852##$aРГИА
$eФедеральное казенное учреждение "Российский государственный исторический архив" (РГИА)
$j52
937##$hРГИА
$d12091420
$aASBIBLIO_SCAN
462#0$1001ee86b81b-e960-47ea-b306-d2b6228ebbd9
$12001
$a1796-1888 гг.
$1251
$cОпись
$1852
$j96
461#0$1001a74412a3-3cc5-4d21-8f0a-dfe2fbd9e72d
$12001
$aДепартамент народного просвещения Министерства народного просвещения (1803-1917)
$1251
$cФонд
$1852
$j733
215##$a1 л.
$cплан.
$d31х49 см
371##$aДокумент не является опубликованным и широко распространяемым
105##$ae###
1220#$ad
035##$abfef9c14-aed3-4870-b5d4-e77e1e8723e0
Формат отображения